| 000 | 00554nam a2200157 a 4500 | ||
|---|---|---|---|
| 008 | 150521s2013 ||||||||||||||||| || u | ||
| 020 | _a9781444191172 | ||
| 050 | _aHA 29 Gra | ||
| 100 | _aGraham, Alan | ||
| 245 | 1 | 0 |
_aStatistics: a complete introduction _cBy Alan Graham |
| 260 |
_aUK _bMcGraw-Hill _c2013 |
||
| 300 | _axiii, 354p.: ill. | ||
| 350 | _a21.00 | ||
| 650 | 7 |
_aSTATISTICS _2fast |
|
| 995 |
_FCBU-MAIN LIBRARY (Kitwe) _I21.00 _M1 _UAVAILABLE _WJun 22, 2015 _ZMain Library Open Access Collection |
||
| 999 |
_c58342 _d58342 |
||